BIBLIOTECA

SENCICO

UF 0885 montaje y mantenimiento de instalaciones eléctricas de baja tensión en edificios de viviendas / (Registro nro. 3833)

Detalles MARC
000 -LEADER
fixed length control field 00863nam a22002537a 4500
003 - CONTROL NUMBER IDENTIFIER
control field PE SENCICO BE
005 - DATE AND TIME OF LATEST TRANSACTION
control field 20251020182626.0
008 - FIXED-LENGTH DATA ELEMENTS--GENERAL INFORMATION
fixed length control field 230217b |||||||| |||| 00| 0 eng d
020 ## - INTERNATIONAL STANDARD BOOK NUMBER
International Standard Book Number 978-84-267-2315-4
040 ## - CATALOGING SOURCE
Original cataloging agency PE SENCICO BE
Transcribing agency PE SENCICO BE
041 ## - LANGUAGE CODE
Language code of text/sound track or separate title spa
082 ## - DEWEY DECIMAL CLASSIFICATION NUMBER
Classification number 621.31924
Item number T78
100 1# - MAIN ENTRY--PERSONAL NAME
9 (RLIN) 632
Personal name Trashorras Montecelos, Jesús
Relator term autor
245 1# - TITLE STATEMENT
Title UF 0885 montaje y mantenimiento de instalaciones eléctricas de baja tensión en edificios de viviendas /
Statement of responsibility, etc. Jesús Trashorras Montecelos
250 ## - EDITION STATEMENT
Edition statement 1a ed.
260 ## - PUBLICATION, DISTRIBUTION, ETC.
Place of publication, distribution, etc. [España] :
Name of publisher, distributor, etc. Marcombo,
Date of publication, distribution, etc. 2016
300 ## - PHYSICAL DESCRIPTION
Extent 145 p. :
Other physical details diagrs.,
Dimensions 28 cm.
650 14 - SUBJECT ADDED ENTRY--TOPICAL TERM
9 (RLIN) 108
Topical term or geographic name entry element Instalaciones eléctricas
650 24 - SUBJECT ADDED ENTRY--TOPICAL TERM
9 (RLIN) 106
Topical term or geographic name entry element Electricidad
650 24 - SUBJECT ADDED ENTRY--TOPICAL TERM
9 (RLIN) 633
Topical term or geographic name entry element Manuales
650 24 - SUBJECT ADDED ENTRY--TOPICAL TERM
9 (RLIN) 634
Topical term or geographic name entry element Símbolos eléctricos
910 ## - USER-OPTION DATA (OCLC)
-- hfp
-- hfp
942 ## - ADDED ENTRY ELEMENTS (KOHA)
Source of classification or shelving scheme Dewey Decimal Classification
Koha item type Libros
Classification part 621.31924
Item part T78
Existencias
Fecha de la última vez que lo usaron Número de ingreso o de inventario Pago total Signatura topográfica completa Precio efectivo desde Tipo de documento Estado perdido Sistema de clasificación Estado dañado No es para préstamo Retirado Ubicación permanente Ubicación actual Fecha de adquisición
17/02/2023 16511   621.31924/T78 17/02/2023 Libros   Dewey Decimal Classification       Biblioteca Central Lima Biblioteca Central Lima 17/02/2023